Miasta Hiszpanii - quiz na mapie - Statystyki

Ogólne statystyki
  • Ten quiz został rozwiązany 5 745 razy
    5 639 od ostatniego zresetowania
  • Średni wynik to 8 z 15
Odpowiedzi na mapie
Odpowiedzi zakodowano w zielono-czerwonej skali na mapie do tego quizu, zgodnie z poniższymi procentami.
 
Statystyki odpowiedzi
Odpowiedź % Poprawnych
Barcelona
88%
Madryt
88%
Bilbao
69%
Palma de Mallorca
69%
Las Palmas
65%
Sewilla
61%
Walencja
57%
Ceuta
52%
Malaga
51%
A Coruña
44%
Saragossa
43%
Pampeluna
37%
Murcja
35%
Valladolid
30%
Mérida
26%
Nie znaleziono quizów pasujących do podanych kryteriów
Rozkład punktacji
Procent ludzi z każdym wynikiem
Percentyl według liczby udzielonych odpowiedzi
Twoja historia wyników
Nie rozwiązałeś tego quizu od ostatniego zresetowania